000 00838nam a2200205Ia 4500
999 _c38146
_d38146
001 4136
003 GE_BSU
005 20190927103506.0
008 181216s1985||||ge |||||||||||||| ||geo||
040 _cGE_BSU
041 _ageo
080 _a821.353.1.09 ც–19
100 _aცანავა, ა.
_94342
245 _aქართველ მუშათა 1905 წლის რევოლუციური პოეზია /
_cრედ. ჯ. ბარდაველიძე.
264 _aთბ. :
_bმეცნიერება,
_c1985.
300 _a26 გვ. ;
_b21 სმ.
653 _aქართველ მუშათა 1905 წლის რევოლუციური პოეზია.
700 _aბარდაველიძე, ჯ.
_eრედაქტორი
_94343
942 _cBK
_2udc